AH International Schools' Libraries

Flip Flap Jungle : (Record no. 48445)

MARC details
000 -LEADER
fixed length control field 00453nam a2200133 4500
020 ## - INTERNATIONAL STANDARD BOOK NUMBER
International Standard Book Number 9780857634108
100 ## - MAIN ENTRY--PERSONAL NAME
Personal name Axel, Scheffler,
Relator term author.
9 (RLIN) 86072
245 ## - TITLE STATEMENT
Title Flip Flap Jungle :
Remainder of title Funny rhymes and crazy creatures to make you giggle! /
Statement of responsibility, etc by Alex Scheffler.
260 ## - PUBLICATION, DISTRIBUTION, ETC. (IMPRINT)
Place of publication, distribution, etc London :
Name of publisher, distributor, etc Nosy Crow,
Date of publication, distribution, etc 2015.
300 ## - PHYSICAL DESCRIPTION
Dimensions 7.6 x 0.67 x 9.96 inches.
490 ## - SERIES STATEMENT
Series statement Axel Scheffler's Flip Flap
650 ## - SUBJECT ADDED ENTRY--TOPICAL TERM
9 (RLIN) 53456
Topical term or geographic name as entry element Safaris
Form subdivision Juvenile fiction.
942 ## - ADDED ENTRY ELEMENTS (KOHA)
Source of classification or shelving scheme
Koha item type Book
Holdings
Withdrawn status Lost status Source of classification or shelving scheme Damaged status Not for loan Home library Current library Date acquired Total Checkouts Total Renewals Full call number Barcode Date last seen Date checked out Price effective from Koha item type
          Logos International School Logos International School 02/12/2025 6 1 J 591.734 SCH 040384 07/09/2025 06/12/2025 02/12/2025 Book

For any Logos Library related questions please contact Miss Art at swongnarasuk@asianhope.org.

For any Asian Hope Library related questions please contact Miss Raza at graza@asianhope.org.

Powered by Koha